<?xml version="1.0" encoding="UTF-8"?>
<marc:record xmlns:marc="http://www.loc.gov/MARC21/slim">
   <marc:leader>00000nam a2200000 a 4500</marc:leader>
   <marc:datafield ind1="1" ind2=" " tag="100">
      <marc:subfield code="a">Gunn, Anna</marc:subfield>
   </marc:datafield>
   <marc:datafield ind1=" " ind2=" " tag="653">
      <marc:subfield code="a">Deutsch</marc:subfield>
   </marc:datafield>
   <marc:datafield ind1=" " ind2=" " tag="653">
      <marc:subfield code="a">Englisch</marc:subfield>
   </marc:datafield>
   <marc:datafield ind1=" " ind2=" " tag="653">
      <marc:subfield code="a">Krebs</marc:subfield>
   </marc:datafield>
   <marc:datafield ind1="0" ind2="0" tag="245">
      <marc:subfield code="a">Breaking Bad</marc:subfield>
   </marc:datafield>
   <marc:datafield ind1=" " ind2="1" tag="264">
      <marc:subfield code="a">München</marc:subfield>
      <marc:subfield code="b">Sony Pictures H.E.</marc:subfield>
      <marc:subfield code="c">2009</marc:subfield>
   </marc:datafield>
   <marc:datafield ind1="1" ind2=" " tag="520">
      <marc:subfield code="a">Emmy-Preisträger Bryan Cranston spielt Walter White, einen vom Pech verfolgten Chemielehrer, der verzweifelt versucht, seine Frau und seinen körperlich behinderten Sohn durchzubringen. Sein Leben nimmt eine grundlegende Wendung, als Walter eine erschreckende Diagnose gestellt wird: Lungenkrebs im Endstadium. Da er ohnehin nur noch ein paar Jahre zu leben und nichts zu verlieren hat, nutzt Walter seine Fähigkeiten als Chemiker, um gemeinsam mit einem seiner ehemaligen Schüler Methamphetamin herzustellen und zu verkaufen. Zwar wächst das Lügengespinst, das er aufgebaut hat, proportional zu seinem neuen Status, doch Walter ist zu allem bereit, um sicherzustellen, dass seine Familie nach seinem Ableben versorgt ist - und wenn er dazu ihrer aller Leben riskieren muss. Vince Gilligan und Mark Johnson fungierten als ausführende Produzenten.</marc:subfield>
   </marc:datafield>
   <marc:datafield ind1=" " ind2=" " tag="020">
      <marc:subfield code="a">4030521723337</marc:subfield>
      <marc:subfield code="9">4030521723337</marc:subfield>
   </marc:datafield>
   <marc:datafield ind1="0" ind2=" " tag="490">
      <marc:subfield code="v">0</marc:subfield>
   </marc:datafield>
   <marc:datafield ind1=" " ind2=" " tag="542">
      <marc:subfield code="d">Cranston, Bryan [Regie]</marc:subfield>
   </marc:datafield>
   <marc:datafield ind1=" " ind2=" " tag="300">
      <marc:subfield code="a">ca. 332 Min.</marc:subfield>
   </marc:datafield>
</marc:record>
